UBT Library

Tutorium analysis 1 und lineare algebra 1. (Record no. 42797)

000 -LEADER
fixed length control field 00575cam a22002415i 4500
001 - CONTROL NUMBER
control field 17755096
005 - DATE AND TIME OF LATEST TRANSACTION
control field 20180216070924.0
008 - FIXED-LENGTH DATA ELEMENTS--GENERAL INFORMATION
fixed length control field 130529s2013 nyu 000 0 eng
010 ## - LIBRARY OF CONGRESS CONTROL NUMBER
LC control number 2013941507
020 ## - INTERNATIONAL STANDARD BOOK NUMBER
International Standard Book Number 9783642373657
040 ## - CATALOGING SOURCE
Original cataloging agency DLC
Language of cataloging eng
Transcribing agency DLC
Description conventions rda
Modifying agency DLC
041 ## - LANGUAGE CODE
Language code of text/sound track or separate title eng
042 ## - AUTHENTICATION CODE
Authentication code pcc
080 ## - UNIVERSAL DECIMAL CLASSIFICATION NUMBER
Universal Decimal Classification number 51 GLE
082 ## - DEWEY DECIMAL CLASSIFICATION NUMBER
Classification number 51 GLE
100 ## - Rafti
Rafti 36
101 ## - Shkurtesa
Shkurtesa MAT
245 00 - TITLE STATEMENT
Title Tutorium analysis 1 und lineare algebra 1.
263 ## - PROJECTED PUBLICATION DATE
Projected publication date 1305
906 ## - LOCAL DATA ELEMENT F, LDF (RLIN)
a 0
b ibc
c orignew
d 2
e epcn
f 20
g y-gencatlg
942 ## - ADDED ENTRY ELEMENTS (KOHA)
Source of classification or shelving scheme
Item type Books
Holdings
Withdrawn status Lost status Source of classification or shelving scheme Damaged status Not for loan Collection code Permanent location Current location Shelving location Date acquired Total Checkouts Full call number Barcode Date last seen Price effective from Koha item type
          Koleksioni i përgjithshem UBT - Lipjan UBT - Lipjan Koleksioni i përgjithshem 02/16/2018   51 GLE 002-2998334 02/16/2018 02/16/2018 Books
          Koleksioni i përgjithshem UBT - Lipjan UBT - Lipjan Koleksioni i përgjithshem 02/16/2018   51 GLE 002-2998333 02/16/2018 02/16/2018 Books
UBT Library © 2015-2024. All rights reserved University Education for Business and Technology